Lana Del Rey- Fingertips (All Lyrics) - Statistics

General Stats
  • This quiz has been taken 75 times
  • The average score is 321 of 465
Answer Stats
Lyrics % Correct
fingertips
100%
I
100%
"I
100%
I,
100%
you
100%
you,
100%
tracing
98%
When
98%
when
98%
a
95%
be
95%
me,
93%
me?
93%
me
93%
plastic
91%
the
91%
The
91%
bags
89%
get
89%
in
89%
In
89%
in,
89%
your
89%
Your
89%
back,
86%
back?
86%
back
86%
do,
86%
do?
86%
do
86%
for
86%
my
86%
on
86%
Or
86%
or
86%
to
86%
To
86%
Will
86%
will
86%
baby
84%
baby,
84%
have
84%
Have
84%
mine?
84%
of
84%
two"
84%
two
84%
was
84%
over
82%
two
82%
with
82%
alright?
80%
And
80%
and
80%
at
80%
by
80%
he
80%
it
80%
It
80%
it,
80%
look
80%
that
80%
That
80%
attention
77%
Brother?
77%
Caroline,
77%
Charlie,
77%
could
77%
die?
77%
die
77%
minute
77%
one
77%
Sister,
77%
so
77%
stop
77%
ten-
77%
Father,
75%
go
75%
Is
75%
It's
75%
it's
75%
mark?
75%
say
75%
smoking
75%
there
75%
year
75%
But
73%
But,
73%
maybe
73%
small
73%
up
73%
Can
70%
can
70%
just
70%
they
70%
They
70%
we
70%
what
70%
What
70%
Who
70%
cry
68%
if
68%
intention
68%
seconds
68%
shame
68%
some
68%
wish
68%
handle
66%
I'd
66%
not
66%
Thinking,
66%
Where
66%
child
64%
even
64%
had
64%
hear
64%
said
64%
said,
64%
wanted
64%
beat
61%
carry
61%
Give
61%
give
61%
hours
61%
I'll
61%
inside
61%
like
61%
Like
61%
prince
61%
sing
61%
them,
61%
cocktail
59%
extrapolate
59%
fifteen,
59%
fine
59%
guess
59%
high
59%
himself
59%
Island
59%
myself
59%
Park
59%
See
59%
side
59%
TV
59%
without
59%
beach
57%
drive-
57%
Gave
57%
irony
57%
music,
57%
National
57%
she
57%
shower
57%
tragedy,
57%
wasn't
57%
couldn't
55%
Dave
55%
end
55%
idea,
55%
Monaco
55%
out
55%
Rhode
55%
things
55%
watch
55%
Grandpa,
52%
kind
52%
mind
52%
mother
52%
nothing
52%
real
52%
sky,
52%
waist,
52%
fit,
50%
hair
50%
hung
50%
I'm
50%
next-
50%
time
50%
door
48%
fishes
48%
Greek
48%
neurons
48%
Pulled
48%
Sat
48%
swim
48%
take
48%
Take
48%
there's
48%
as
45%
blanket
45%
did
45%
extinction
45%
institutions?
45%
long
45%
telephone
45%
body,
43%
'Cause,
43%
crying
43%
Dad,
43%
neighbors
43%
sit
43%
twists
43%
All
41%
beaches
41%
home,
41%
naked,
41%
now
41%
sixteen
41%
sometimes,
41%
life
39%
right
39%
spirit
39%
caught
36%
Grandma,
36%
into
36%
mausoleum
36%
through
36%
save
34%
arms
32%
astral
32%
babe
32%
being
32%
ended
32%
kiss
32%
lake,
32%
Let
32%
put
32%
telomeres?
32%
felt
30%
Find
30%
head
30%
were
30%
wrong
30%
crash
27%
doing
27%
don't
27%
Greene
27%
sea
27%
Aaron
25%
queen
25%
away,
23%
born
23%
come
23%
dead
23%
lime
23%
made
23%
never
23%
place
23%
Ran
23%
send
23%
town
23%
twisting
23%
down
20%
drinks
20%
Exotic
20%
fuck's
20%
people
20%
places
20%
waves
20%
needed
18%
serene
18%
Aphrodite,
16%
Call
16%
bow
14%
breathe
14%
empathy
14%
chaser,
11%
moon
11%
Sunbather,
11%
No matching quizzes found
Score Distribution
Percent of People with Each Score
Percentile by Number Answered
Your Score History
You have not taken this quiz